Central Library OPAC University of Rajshahi

Kanga and Palkhivala's The law and practice of income tax / (Record no. 20135)

MARC details
000 -LEADER
fixed length control field 01134cam a2200325 i 4500
001 - CONTROL NUMBER
control field 20135
003 - CONTROL NUMBER IDENTIFIER
rucl marc code BD-RjUL
005 - DATE AND TIME OF LATEST TRANSACTION
control field 20211209000526.0
008 - FIXED-LENGTH DATA ELEMENTS--GENERAL INFORMATION
fixed length control field 160621r19771776ii k 001 0 eng d
035 ## - SYSTEM CONTROL NUMBER
System control number (BD-RjUL)20197
040 ## - CATALOGING SOURCE
Original cataloging agency DLC
Transcribing agency DLC
Modifying agency DLC
-- BD-RjUL
Language of cataloging eng
041 ## - LANGUAGE CODE
Language code of text/sound track or separate title eng
082 00 - DEWEY DECIMAL CLASSIFICATION NUMBER
Classification number 343.5405202632
Edition number 19
Author mark and year PAK 1977
100 1# - MAIN ENTRY--PERSONAL NAME
Personal name Palkhivala, N. A
9 (RLIN) 62041
110 1# - MAIN ENTRY--CORPORATE NAME
Corporate name or jurisdiction name as entry element India.
9 (RLIN) 135096
245 10 - TITLE STATEMENT
Title Kanga and Palkhivala's The law and practice of income tax /
Statement of responsibility, etc. Palkhivala, N. A and B. A. Palkhivala
250 ## - EDITION STATEMENT
Edition statement 7th ed. /
260 ## - PUBLICATION, DISTRIBUTION, ETC. (IMPRINT)
Place of publication, distribution, etc. Bombay :
Name of publisher, distributor, etc. N. M. Tripathi,
Date of publication, distribution, etc. 1976. [Reprinted 1977]
300 ## - PHYSICAL DESCRIPTION
Pagination 2 v. :
Illustrations ill. ;
Size 25 cm.
500 ## - GENERAL NOTE
General note Previous editions entered under: India (Republic). Laws, statutes, etc. have title: The law and practice of income tax.
General note Updated by 1982 supplement.
General note Includes index.
505 0# - FORMATTED CONTENTS NOTE
Formatted contents note Vo. 1 & Vol 2 .
650 #0 - SUBJECT ADDED ENTRY--TOPICAL TERM
Topical term or geographic name as entry element Income tax
General subdivision Law and legislation
Geographic subdivision India.
9 (RLIN) 9048
700 1# - ADDED ENTRY--PERSONAL NAME
Personal name Palkhivala, B. A.
942 ## - ADDED ENTRY ELEMENTS (KOHA)
Source of classification or shelving scheme Dewey Decimal Classification
Koha item type Books
Holdings
Lost status Source of classification or shelving scheme Damaged status Not for loan Collection code Permanent Location Current Location Shelving location Date acquired Source of acquisition Cost, normal purchase price Total Checkouts Full call number Date last seen Copy number Koha item type
  Dewey Decimal Classification     Non-fiction Central Library, University of Rajshahi Central Library, University of Rajshahi   28/09/1981 India Int. Cal. 280.00   343.5405202632 PAK V-1 1977 26/02/2014 C-3 Books
  Dewey Decimal Classification     Non-fiction Central Library, University of Rajshahi Central Library, University of Rajshahi   28/09/1981 India Int. Ca 280.00   343.5405202632 PAK V-2 1977 21/06/2016 C-2 Books
  Dewey Decimal Classification     Non-fiction Central Library, University of Rajshahi Central Library, University of Rajshahi   28/09/1981 India Int. Ca 280.00   343.5405202632 PAK V-2 1977 21/06/2016 C-3 Books
  Dewey Decimal Classification     Non-fiction Central Library, University of Rajshahi Central Library, University of Rajshahi   28/09/1981 India Int. Ca 280.00   343.5405202632 PAK V-1 1977 21/06/2016 C-2 Books
  Dewey Decimal Classification     Non-fiction Central Library, University of Rajshahi Central Library, University of Rajshahi   28/09/1981 India Int. Ca 28.00   343.5405202632 PAK V-2 1976 05/09/2016 C-4 Books